1171 1900 1451 1632 1525 1117 2000 1977 1393 1891 1244 1847 1286 1336 1889 1114 1509 1945 1238 1050 1662 1989 1920 1749 1721 1096 1359 1138 1975 1806 1861 1923 1934 1329 1444 1936 1547 1768 1889 1779 1155 1573 1818 1159 1186 1655 1885 1415 1445 1992 1123 1995 1851 1137 1278 1348 1792 1948 1633 1402 1072 1865 1635 1776 1023 1969 1694 1818 1726 1284 1873 1438 1553 1273 1493 1003 1732 1523 1148 1446 1065 1319 1378 1304 1092 1108 1220 1629 1932 1958 1578 1991 1830 1677 1812 1149 1538 1637 1605 BCNSPRNW ULIB Ver.6.0+V

เปลี่ยนเป็นภาษาไทย

Change to English
 แสดงรายละเอียดบรรณานุกรม
  กลับหน้าหลัก

Brief Record : Get Marc (ISO 2709) : E-mail record : QR code < ปิดหน้าต่าง
LEADER : 00000nam 2200000uu 4500
001    13399120051
003     ULIB
008    120824s2549||||th 000 0 tha d
020    ^a9749664221
060 04 ^aWH100^bส818ส
100 0  ^aสุวรรณ ธีระวรพันธ์
245 10 ^aสรีรวิทยาระบบไหลเวียนโลหิต /^cสุวรรณ ธีระวรพันธ์, วิสุดาสุวิทยาวัฒน์, เพ็ญโฉม พึ่งวิชา
250    ^aพิมพ์ครั้งที่ 6
260    ^aกรุงเทพฯ :^bภาควิชาสรีรวิทยา คณะเภสัชศาสตร์มหาวิทยาลัยมหิดล,^c2549
300    ^a175 หน้า :^bภาพประกอบ ;^c27 ซม.
650  7 ^aเลือด, การไหลเวียน
700 0  ^aวิสุดา สุวิทยาวัฒน์
700 0  ^aเพ็ญโฉม พึ่งวิชา
710 2  ^aมหาวิทยาลัยมหิดล. ^bคณะเภสัชศาสตร์. ^bภาควิชาสรีรวิทยา
945    ^p200^l0^i14824
945    ^p200^l0^i14823
995    ^aทศพร
999    ^aทศพร เกษรทอง
รายการนี้ยังไม่มีแท็ก
คุณยังไม่ได้ล็อกอิน คุณสามารถมีกิจกรรมร่วมกับเว็บไซต์ได้ แต่ต้องล็อกอินก่อน ::
  ล็อกอิน

รายการสื่อสารสนเทศ

ลำดับที่ ประเภท เลขเรียก/บาร์โค้ด สถานที่ สถานะ
1. วิทยาศาสตร์การแพทย์ และสุขภาพ
วิทยาศาสตร์การแพทย์ และสุขภาพ
WH100 ส818ส ฉ.2 
  Barcode: 14823
ห้องสมุดวิทยาเขตสวรรค์ประชารักษ์
►หนังสือทั่วไป
บนชั้น

รายการใกล้เคียง
    ผู้แต่ง [สุวรรณ ธีระวรพันธ์]

    หัวเรื่อง [เลือด, การไหลเวียน]

BibComment


ยังไม่เคยถูกคอมเมนท์

คอมเมนท์ทรัพยากรรายการนี้
  คอมเมนท์: สรีรวิทยาระบบไหล..


 Copyright 2026. Bcnsprnw @Library